| 000 | 00332nam a22001337a 4500 | ||
|---|---|---|---|
| 005 | 20230818131706.0 | ||
| 008 | 230818b |||||||| |||| 00| 0 eng d | ||
| 040 | _aLoreto college | ||
| 041 | _aEnglish | ||
| 082 |
_a396 _bWOM |
||
| 245 |
_aWomen's journey towards empowerment _ba myth or a reality? |
||
| 850 | _aLCLIB | ||
| 942 | _cBK | ||
| 999 |
_c43524 _d94003 |
||